[Event "Cesenatico Open 2019"]
[Site "Cesenatico"]
[Date "2019.09.04"]
[Round "1"]
[White "Lalic, Bogdan"]
[Black "Paleologu, Vladimir"]
[Result "1-0"]
[WhiteElo "2418"]
[BlackElo "2105"]
[Annotator "TA"]
[PlyCount "65"]
[EventDate "2019.09.01"]
[EventType "swiss"]
[EventCountry "ITA"]
[SourceTitle "playchess.com"]
[Source "ChessBase"]
[SourceQuality "1"]

{[%evp 12,65,83,71,76,66,104,104,100,78,83,88,104,101,139,135,346,120,114,87,166,165,217,187,195,193,239,233,250,230,250,249,250,248,249,250,255,255,255,255,255,255,255,247,247,247,331,331,330,312,412,378,747,665,1743,1592]} 1. d4 g6 2. c4 d6 3. e4 e5 4. Nf3 Bg7 5. Nc3 c6 6. Be3 Nd7 7. Be2 Nh6 {A42: Modern Defence: Averbakh Variation} 8. h3 f6 9. Qd2 Nf7 {White is better.} 10. g4 Nf8 $146 ({Predecessor:} 10... Qe7 11. d5 Nf8 12. b4 h5 13. Rg1 hxg4 14. hxg4 Qc7 15. Rd1 {0-1 (44) Javakhishvili,L (2410)-Gaprindashvili,N (2326) Sheki 2005}) 11. O-O-O Bd7 12. Kb1 $36 {[%mdl 2048] White is on the roll.} Qc7 13. Rhg1 O-O-O $2 {[#]} (13... g5 $16 14. h4 h6) 14. d5 $2 (14. Nd5 $1 $18 {[%mdl 512] has better winning chances.} cxd5 15. cxd5) 14... c5 $16 15. h4 h6 (15... h5 $16) 16. h5 g5 (16... Kb8 {might work better.} 17. Nh4 gxh5) 17. a3 Kb8 18. b4 b6 19. Rc1 {[%cal Bd1c1,Bc1c2,Bc2a2][%mdl 32]} Ka8 20. Qb2 Rb8 21. Nd2 Nh7 22. Qb3 Rb7 23. Rc2 Kb8 24. b5 Kc8 25. a4 {[%cal Ba3a4,Ba4a5,Ba5b6][%mdl 32]} Kd8 26. Ra2 Ke7 27. Kc2 Ra8 {[#]} 28. a5 $1 {[%mdl 512]} Rbb8 (28... bxa5 29. Qa4) 29. Rga1 Qc8 30. f3 a6 31. axb6 axb5 $2 (31... Rxb6 32. Ra5 Qd8) 32. Rxa8 bxc4 33. Qa3 {Accuracy: White = 66%, Black = 22%.} 1-0

[Event "Cesenatico Open 2019"]
[Site "Cesenatico"]
[Date "2019.09.04"]
[Round "1"]
[White "Djuric, Stefan"]
[Black "Kacani, Kirk"]
[Result "1-0"]
[WhiteElo "2358"]
[BlackElo "2091"]
[Annotator "TA"]
[PlyCount "81"]
[EventDate "2019.09.01"]
[EventType "swiss"]
[EventCountry "ITA"]
[SourceTitle "playchess.com"]
[Source "ChessBase"]
[SourceQuality "1"]

{[%evp 11,83,-3,12,13,32,31,37,44,32,35,35,52,54,23,63,21,40,35,47,38,36,43,39,46,83,79,79,79,78,78,71,77,89,87,94,90,81,95,213,148,197,206,318,305,307,318,282,298,281,277,275,270,336,345,341,335,440,411,386,395,502,483,581,606,588,547,884,879,800,834,779,696,872,830]} 1. c4 Nf6 2. Nc3 e6 3. d4 Bb4 4. e3 d5 5. Bd3 O-O 6. Nge2 Nbd7 7. O-O {E48: Nimzo-Indian: Rubinstein: 5 Bd3 d5 including 6 Ne2, but excluding 6 a3} dxc4 8. Bxc4 e5 9. Bxf7+ {White is slightly better.} (9. h3 exd4 10. exd4 Nb6 11. Bb3 Nfd5 12. a3 Nxc3 13. bxc3 Be7 14. Nf4 Bf5 {½-½ (63) Stocek,J (2600)-Markos,J (2596) Slovakia 2012}) 9... Rxf7 10. dxe5 {Threatens to win with e6.} Qe7 11. exf6 Nxf6 12. Nf4 c6 13. Bd2 $146 ({Predecessor:} 13. Qd3 Ng4 14. h3 Ne5 15. Qe2 {1-0 (26) Skliba,M (2287)-Berend,F (2382) Livigno 2010}) 13... Bf5 14. Nce2 {[%cal Bc3e2,Be2g3,Bg3e4,Be4d6][%mdl 32]} Bxd2 15. Qxd2 g5 16. Ng3 Ne4 $1 {[%cal Re4d2]} 17. Nxe4 gxf4 18. Nd6 Rd8 19. Rad1 $36 {[%mdl 2048] Black is under strong pressure.} Qe6 {[#] aiming for ...Rfd7.} 20. e4 Bxe4 21. Rfe1 Rfd7 {[%cal Rd7d6]} 22. Qxf4 Rxd6 23. Rxd6 Rxd6 24. f3 Rd4 (24... Qd5 $16) 25. fxe4 $18 {[%mdl 4096] Endgame KQR-KQR} Qd6 26. Qg4+ Qg6 (26... Kh8 $142 27. Qc8+ {[%mdl 64] Double Attack} Qd8 28. Qxb7 Rd1 29. Rxd1 Qxd1+ 30. Kf2 Qd2+ 31. Kf3 Qd3+ 32. Kf4 Qd6+ 33. Ke3 Qxh2 34. Qa8+ (34. Qxc6 Qg3+ 35. Kd4 Qf2+ 36. Kc3 Qe3+ 37. Kb4 Qf2 $18) 34... Kg7) 27. Qc8+ Kg7 28. Rf1 {[%csl Gf1][%cal Rc8f8]} Qd6 29. Qxb7+ Qd7 30. Qxd7+ Rxd7 {KR-KR} 31. Rc1 Kf6 32. Kf2 ({Don't play} 32. Rxc6+ $6 Ke5 $18) 32... Rd2+ 33. Kf3 Rxb2 34. Rxc6+ Ke5 35. Rc5+ Ke6 36. Ra5 {White is clearly winning.} Rb7 37. g4 Rf7+ 38. Ke3 Rg7 39. g5 Rc7 40. h4 Rc3+ {[#]} 41. Kf4 {Played: Ke3-d4} 1-0

[Event "Cesenatico Open 2019"]
[Site "Cesenatico"]
[Date "2019.09.04"]
[Round "1"]
[White "Schacher, Gerd"]
[Black "Zenari, Marco"]
[Result "1/2-1/2"]
[WhiteElo "2311"]
[BlackElo "2056"]
[Annotator "TA"]
[PlyCount "97"]
[EventDate "2019.09.01"]
[EventType "swiss"]
[EventCountry "ITA"]
[SourceTitle "playchess.com"]
[Source "ChessBase"]
[SourceQuality "1"]

{[%evp 16,97,48,57,59,43,52,44,45,48,80,60,57,63,97,103,92,108,92,98,115,113,114,114,109,111,135,129,129,121,112,93,120,55,58,45,50,48,83,89,73,74,70,85,87,66,59,67,67,67,67,60,89,59,77,60,81,8,9,9,179,62,271,179,174,163,120,17,17,0,0,0,0,0,0,0,0,0,0,0,0,0,0,0]} 1. d4 Nf6 2. c4 g6 3. Nc3 Bg7 4. e4 d6 5. f3 O-O 6. Be3 Nc6 7. Nge2 a6 8. Qd2 Rb8 9. Rc1 e5 {E84: King's Indian: Sämisch Panno: 7 Nge2 a6 8 Qd2 Rb8} (9... Bd7 10. Nd1 b5 11. c5 Ne8 12. Nf2 e6 13. g3 f5 14. Bg2 Nf6 15. O-O Kh8 16. b3 d5 17. e5 Ng8 {1-0 (69) Vitiugov,N (2734)-Hjartarson,J (2523) Helsingor 2018}) 10. d5 Na5 11. b3 c5 {White is slightly better.} 12. dxc6 Nxc6 13. Nd5 $146 (13. g4 {keeps more tension.} Be6 14. Nd5 b5 15. Nxf6+ Qxf6 16. Bg2) ({Predecessor:} 13. Rd1 Qa5 14. Nd5 Nxd5 15. Qxa5 Nxe3 16. Qb6 Nxd1 17. Kxd1 {½-½ (37) Gundavaa,B (2493)-Sharavdorj,D (2452) Ulaanbaatar 2011}) 13... Nxd5 14. cxd5 Nd4 15. Nxd4 exd4 16. Bxd4 Bxd4 17. Qxd4 f5 18. Bd3 fxe4 19. Bxe4 Qh4+ 20. Qf2 Qg5 21. O-O Bf5 22. Bxf5 Rxf5 23. Qa7 Rbf8 24. Rc7 (24. Qxb7 $16 Rxf3 25. Qxa6) 24... Rxf3 $1 $14 25. Rxf3 Rxf3 {[%mdl 4096] Endgame KQR-KQR} 26. Qd4 {[%csl Gc7][%cal Rd4g7] [#]} Rf6 27. h4 Qf4 28. Qxf4 Rxf4 29. Rxb7 Rxh4 $16 {KR-KR} 30. Rb6 a5 31. Ra6 Kf7 32. Rxa5 Kf6 33. Rb5 $1 Ke5 34. a4 {[%cal Ba2a4,Ba4a5][%mdl 32]} Rd4 35. a5 Rd2 36. Kh2 (36. Rb6 $16) 36... Ra2 $11 37. b4 Ra4 $2 {[#]} (37... g5 $11) 38. Kh3 (38. Rb6 $1 $18) 38... Kd4 $2 (38... Ra3+ $14 39. Kg4 Ra2) 39. Kg4 Kc4 40. Rb6 Kxd5 41. Kg5 (41. Kg3 $16) 41... Ra2 {The position is equal.} 42. g4 h5 43. gxh5 gxh5 44. a6 Kc4 45. b5 {aiming for Rb7.} d5 46. Rb7 {Hoping for a7.} d4 47. a7 {Black must now prevent b6.} d3 48. b6 Kc5 49. Rd7 {Accuracy: White = 43%, Black = 60%.} 1/2-1/2

[Event "Cesenatico Open 2019"]
[Site "Cesenatico"]
[Date "2019.09.04"]
[Round "1"]
[White "Dragojlovic, Andjelko"]
[Black "Gerhard, Walter"]
[Result "1-0"]
[WhiteElo "2293"]
[BlackElo "1997"]
[Annotator "ChessBase"]
[PlyCount "59"]
[EventDate "2019.09.01"]
[EventType "swiss"]
[EventCountry "ITA"]
[SourceTitle "playchess.com"]
[Source "ChessBase"]
[SourceQuality "1"]
[TimeControl "40/6000:900"]

1. e4 {[%emt 0:05:00]} e6 {[%emt 0:00:00]} 2. d3 {[%emt 0:00:00]} d5 {[%emt 0:05:00]} 3. Nd2 {[%emt 0:00:00]} Nf6 {[%emt 0:00:00]} 4. Ngf3 {[%emt 0:00:00]} c5 {[%emt 0:00:00]} 5. g3 {[%emt 0:00:00]} Nc6 {[%emt 0:00:00]} 6. Bg2 Be7 {[%emt 0:00:00]} 7. O-O {[%emt 0:00:00]} O-O {[%emt 0:00:00]} 8. Re1 b5 {[%emt 0:03:00]} 9. e5 {[%emt 0:00:00]} Nd7 {[%emt 0:00:00]} 10. Nf1 {[%emt 0:00:00]} a5 {[%emt 0:04:00]} 11. h4 {[%emt 0:00:00]} a4 12. a3 {[%emt 0:00:00]} b4 {[%emt 0:09:00]} 13. N1h2 {[%emt 0:00:00]} bxa3 14. bxa3 {[%emt 0:00:00]} f6 {[%emt 0:03:00]} 15. exf6 {[%emt 0:19:00]} Bxf6 {[%emt 0:00:00]} 16. Bg5 {[%emt 0:00:00]} Qc7 {[%emt 0:05:00]} 17. Bxf6 {[%emt 0:00:00]} Nxf6 {[%emt 0:00:00]} 18. Ng5 {[%emt 0:00:00]} Nd4 {[%emt 0:00:00]} 19. c3 {[%emt 0:00:00]} Nb3 {[%emt 0:08:00]} 20. Ra2 {[%emt 0:00:00]} Ra6 {[%emt 0:01:00]} 21. Rae2 {[%emt 0:00:00]} Qd6 {[%emt 0:17:00]} 22. Bh3 {[%emt 0:37:00]} c4 {[%emt 0:06:00]} 23. Bxe6+ {[%emt 0:00:00]} Kh8 {[%emt 0:01:00]} 24. Nf7+ {[%emt 0:00:00]} Rxf7 {[%emt 0:00:00]} 25. Bxf7 {[%emt 0:00:00]} g6 {[%emt 0:00:00]} 26. dxc4 {[%emt 0:00:00]} dxc4 {[%emt 0:08:00]} 27. Bxc4 {[%emt 0:00:00]} Qxd1 {[%emt 0:00:00]} 28. Rxd1 {[%emt 0:00:00]} Rc6 {[%emt 0:02:00]} 29. Bb5 Rxc3 {[%emt 0:01:00]} 30. Bxa4 1-0

[Event "Cesenatico Open 2019"]
[Site "Cesenatico"]
[Date "2019.09.04"]
[Round "1"]
[White "Loiacono, Antonio"]
[Black "Pecci, William"]
[Result "1-0"]
[WhiteElo "2282"]
[BlackElo "1973"]
[Annotator "ChessBase"]
[PlyCount "75"]
[EventDate "2019.09.01"]
[EventType "swiss"]
[EventCountry "ITA"]
[SourceTitle "playchess.com"]
[Source "ChessBase"]
[SourceQuality "1"]
[TimeControl "40/6000:900"]

1. e4 {[%emt 0:00:00]} e5 {[%emt 0:00:00]} 2. Nf3 {[%emt 0:00:00]} Nc6 {[%emt 0:00:00]} 3. Nc3 {[%emt 0:00:00]} Nf6 {[%emt 0:00:00]} 4. Bb5 {[%emt 0:00:00]} Bb4 {[%emt 0:00:00]} 5. O-O {[%emt 0:00:00]} O-O {[%emt 0:00:00]} 6. d3 d6 {[%emt 0:00:00]} 7. Ne2 {[%emt 0:00:00]} Ne7 {[%emt 0:00:00]} 8. c3 {[%emt 0:00:00]} Ba5 {[%emt 0:00:00]} 9. Ng3 {[%emt 0:00:00]} c6 {[%emt 0:00:00]} 10. Ba4 {[%emt 0:00:00]} Ng6 {[%emt 0:00:00]} 11. d4 {[%emt 0:00:00]} Qc7 {[%emt 0:03:00]} 12. Bg5 {[%emt 0:00:00]} Be6 {[%emt 0:11:00]} 13. Nh4 {[%emt 0:12:00]} Nxh4 14. Bxh4 {[%emt 0:00:00]} Ne8 {[%emt 0:09:00]} 15. Bb3 {[%emt 0:26:00]} Bxb3 {[%emt 0:15:00]} 16. axb3 {[%emt 0:00:00]} Bb6 {[%emt 0:01:00]} 17. Kh1 {[%emt 0:00:00]} f6 {[%emt 0:04:00]} 18. Nf5 {[%emt 0:08:00]} g6 {[%emt 0:03:00]} 19. Ne3 {[%emt 0:00:00]} Ng7 {[%emt 0:04:00]} 20. dxe5 {[%emt 0:04:00]} dxe5 {[%emt 0:00:00]} 21. Nc4 {[%emt 0:00:00]} Rad8 {[%emt 0:04:00]} 22. Qc2 g5 {[%emt 0:03:00]} 23. Bg3 {[%emt 0:03:00]} Rd7 {[%emt 0:02:00]} 24. f3 {[%emt 0:01:00]} a6 {[%emt 0:12:00]} 25. b4 {[%emt 0:02:00]} Ne6 {[%emt 0:00:00]} 26. Qb3 {[%emt 0:01:00]} Re8 {[%emt 0:02:00]} 27. Rad1 {[%emt 0:03:00]} Rxd1 {[%emt 0:00:00]} 28. Rxd1 {[%emt 0:00:00]} Kg7 {[%emt 0:01:00]} 29. Nd6 Re7 {[%emt 0:02:00]} 30. Nf5+ {[%emt 0:00:00]} Kf7 {[%emt 0:00:00]} 31. Nxe7 {[%emt 0:00:00]} Kxe7 {[%emt 0:00:00]} 32. Qc2 {[%emt 0:01:00]} h6 33. Bf2 {[%emt 0:00:00]} Bxf2 {[%emt 0:02:00]} 34. Qxf2 {[%emt 0:17:00]} Nf4 {[%emt 0:00:00]} 35. g3 {[%emt 0:00:00]} Ne6 {[%emt 0:00:00]} 36. Qa7 {[%emt 0:00:00]} Kf7 {[%emt 0:00:00]} 37. Qa8 {[%emt 0:00:00]} h5 {[%emt 0:02:00]} 38. Qh8 {[%emt 0:00:00]} 1-0

[Event "Cesenatico Open 2019"]
[Site "Cesenatico"]
[Date "2019.09.04"]
[Round "1"]
[White "Bonassi, Tommaso"]
[Black "Di Benedetto, Edoardo"]
[Result "1/2-1/2"]
[WhiteElo "2101"]
[BlackElo "2405"]
[Annotator "TA"]
[PlyCount "56"]
[EventDate "2019.09.01"]
[EventType "swiss"]
[EventCountry "ITA"]
[SourceTitle "playchess.com"]
[Source "ChessBase"]
[SourceQuality "1"]

{[%evp 9,56,27,27,25,27,17,14,13,22,0,6,0,0,0,0,0,0,-14,4,-13,22,0,85,98,100,106,99,86,103,104,87,45,44,50,66,76,79,0,0,-50,0,0,33,22,19,0,0,0,163]} 1. e4 e6 2. d3 d5 3. Qe2 Nf6 4. g3 (4. f4 c5 5. Nf3 Nc6 6. e5 Ng8 7. c3 h5 8. Qd1 Nh6 9. Be3 Nf5 10. Bf2 Be7 11. Be2 b5 {0-1 (37) Yu,Y (2752)-Caruana,F (2818) Saint Louis 2019}) 4... g6 5. Bg2 Bg7 6. Nf3 {C00: French: Unusual White 2nd moves} O-O 7. O-O c5 8. e5 {Bg5 is the strong threat.} Nfd7 9. c3 $146 ({Predecessor:} 9. c4 Nc6 10. Bf4 f6 11. exf6 Nxf6 12. Nc3 a6 {1-0 (32) Cyborowski,L (2524)-Kirk,E (2439) Daventry 2019}) 9... b5 10. Bf4 a5 11. Re1 Nc6 12. h4 Ba6 13. Nbd2 {[%cal Bb1d2,Bd2f1,Bf1h2,Bh2g4,Bg4f6][%mdl 32]} Rb8 14. Nf1 b4 15. N1h2 Nb6 (15... bxc3 $11 16. bxc3 Qb6) 16. Bg5 $1 $16 {[%cal Rg5d8]} Qc7 17. Ng4 h5 18. Nf6+ Bxf6 19. Bxf6 Nd7 20. Qe3 {White threatens Qh6 and mate.} Nxf6 21. exf6 $40 {[%mdl 128] White wants to mate with Qh6. White mounts an attack.} Qd8 $1 22. Qg5 {Threatens to win with Rxe6!} Bxd3 23. Ne5 (23. g4 $16) 23... Nxe5 $15 24. Rxe5 {[%cal Rg2d5]} bxc3 25. bxc3 Rb1+ 26. Rxb1 Bxb1 {The position is equal.} 27. Bf3 Kh7 $1 ({But not} 27... Bxa2 $2 28. Rxe6 $1 {[%mdl 512]} Kh7 29. Bxh5 $1 $18 {[%mdl 512]}) 28. Bxh5 d4 $2 {Accuracy: White = 52%, Black = 64%.} ({Not} 28... Bxa2 $2 {[#]} 29. Rxe6 $3 {[%mdl 512]} Rg8 30. Re7 $1 $18 {[%mdl 512]}) (28... Be4 $1 $11 {and Black stays safe.}) 1/2-1/2

[Event "Cesenatico Open 2019"]
[Site "Cesenatico"]
[Date "2019.09.04"]
[Round "1"]
[White "Borin, Fabio"]
[Black "Genocchio, Daniele"]
[Result "0-1"]
[WhiteElo "2088"]
[BlackElo "2354"]
[Annotator "TA"]
[PlyCount "64"]
[EventDate "2019.09.01"]
[EventType "swiss"]
[EventCountry "ITA"]
[SourceTitle "playchess.com"]
[Source "ChessBase"]
[SourceQuality "1"]

{[%evp 9,64,-24,-17,-27,-29,-25,-10,-13,-17,-21,-20,-33,-19,-21,-17,-36,0,0,0,0,10,0,0,1,9,-25,0,0,35,-43,-34,-41,-18,-41,-37,-60,-59,-71,-29,-131,-104,-165,-159,-162,-162,-235,-196,-196,-210,-267,-267,-360,-166,-929,-944,-1033,-997]} 1. d3 d5 2. Nf3 Nd7 3. c3 e5 4. Qc2 Ngf6 5. e4 c6 6. Be2 {A06: Réti Opening:1 Nf3 d5} Bd6 7. Bg5 h6 8. Bh4 {The position is equal.} O-O $146 ({Predecessor:} 8... b6 9. Nbd2 Bb7 10. d4 O-O 11. dxe5 Nxe5 12. exd5 Ng6 {½-½ (12) Marangunic,S (2450)-Nunn,J (2560) Dortmund 1987}) 9. Nbd2 Re8 10. O-O Nf8 11. Rfe1 Ng6 12. Bg3 Nh5 13. d4 Nxg3 14. hxg3 Be6 15. dxe5 Nxe5 16. Nd4 Bc5 17. Rad1 Bb6 18. Nf1 Qf6 19. exd5 ({White should play} 19. f4 $1 $14) 19... Bxd5 $15 20. Ne3 Be6 21. Rd2 g6 22. Red1 h5 23. a3 a5 24. c4 (24. Qe4 $11 {keeps the balance.}) 24... a4 25. b4 (25. Nxe6 $17 Bxe3 26. fxe3 Rxe6 27. Qc3) 25... axb3 $1 $19 26. Qxb3 Bc5 27. Nxe6 (27. a4 $142) 27... Qxe6 ({Don't play} 27... fxe6 28. a4) 28. a4 b6 29. Nc2 Qf6 30. Nd4 Ra7 (30... Rad8 $142 {And now ...Ng4 would win.} 31. Nf3 Rxd2 32. Rxd2 Ng4) 31. f4 $2 {[#]} (31. Nf3) 31... Ng4 32. Bxg4 hxg4 {Accuracy: White = 23%, Black = 49%.} 0-1

[Event "Cesenatico Open 2019"]
[Site "Cesenatico"]
[Date "2019.09.04"]
[Round "1"]
[White "Bolognese, Leonardo"]
[Black "Friedrich, Norbert"]
[Result "1/2-1/2"]
[WhiteElo "2021"]
[BlackElo "2306"]
[Annotator "TA"]
[PlyCount "87"]
[EventDate "2019.09.01"]
[EventType "swiss"]
[EventCountry "ITA"]
[SourceTitle "playchess.com"]
[Source "ChessBase"]
[SourceQuality "1"]

{[%evp 13,87,12,1,12,27,0,0,0,0,6,3,4,5,0,13,-59,-45,-47,0,-6,0,0,12,14,20,19,20,23,14,-23,-27,-22,5,-19,0,0,0,-6,-6,-11,-16,-11,-3,-12,-13,-22,-10,-50,-8,-9,0,-8,0,-17,-9,-9,0,0,0,0,0,0,0,0,0,0,0,0,0,0,0,0,0,0,0,0]} 1. d4 d5 (1... Nf6 2. c4 e6 3. Nf3 d5 4. Nc3 dxc4 5. Qa4+ c6 {½-½ (7) Can,E (2586)-Lysyj,I (2635) Skopje 2019}) 2. c4 c6 3. Nf3 Nf6 4. Nc3 e6 5. Qb3 dxc4 6. Qxc4 b5 7. Qd3 a6 8. e4 {D43: Semi-Slav: 5 Bg5 h6} c5 9. e5 (9. dxc5 {is interesting.} Qxd3 10. Bxd3 Bxc5 11. e5 Nfd7 12. a4) 9... Nd5 10. dxc5 Bxc5 11. Nxd5 Qxd5 12. Qxd5 exd5 13. Bd3 Bg4 $146 ({Predecessor:} 13... Be6 14. Bd2 b4 15. a3 bxa3 {1-0 (33) Gurevich,D (2468)-Mulyar,M (2378) Vancouver 2012}) 14. Nh4 (14. O-O $11) 14... Nc6 15. f4 g5 16. Nf5 Bxf5 17. Bxf5 Nd4 18. Bd3 gxf4 19. Bxf4 Ne6 20. Bd2 Bd4 21. Bc3 (21. O-O-O {with more complications.} Bxe5 22. Kb1 f6 23. Be2 Rc8 24. Bb4) 21... Bxc3+ 22. bxc3 Nf4 23. O-O-O Rc8 24. Kb2 Nxg2 25. Rd2 Nf4 26. Rf1 Nxd3+ 27. Rxd3 $11 {[%mdl 4096] Endgame KRR-KRR} Rg8 28. Rxd5 Rg2+ 29. Kb3 Rxh2 {Black wants to play ...Rh3.} 30. Rf3 Rc4 31. Rd6 {The position is equal.} Ra4 32. e6 f5 33. a3 Ke7 34. Rb6 Re4 {[#] Threatens to win with ...a5.} 35. Rxf5 {Threatening mate with Rf7+.} Rxe6 36. Rb7+ Ke8 37. Rc5 {[%cal Rc5c8]} Kd8 38. Rg5 {[#] And now Rg8+ would win.} Kc8 39. Rf7 {Rg8+ would kill now.} Rhe2 40. Rxh7 Re7 41. Rh8+ Kb7 42. Rgg8 R2e4 43. Rb8+ Ka7 44. Ra8+ {Accuracy: White = 47%, Black = 38%.} 1/2-1/2

[Event "Cesenatico Open 2019"]
[Site "Cesenatico"]
[Date "2019.09.04"]
[Round "1"]
[White "Guerini, Silvia jr"]
[Black "Loiacono, Leonardo"]
[Result "0-1"]
[WhiteElo "1974"]
[BlackElo "2293"]
[Annotator "ChessBase"]
[PlyCount "103"]
[EventDate "2019.09.01"]
[EventType "swiss"]
[EventCountry "ITA"]
[SourceTitle "playchess.com"]
[Source "ChessBase"]
[SourceQuality "1"]
[TimeControl "40/6000:900"]

1. e4 {[%emt 0:00:00]} e5 {[%emt 0:00:00]} 2. Nf3 {[%emt 0:00:00]} Nc6 {[%emt 0:00:00]} 3. Bc4 {[%emt 0:00:00]} Bc5 {[%emt 0:00:00]} 4. d3 {[%emt 0:00:00]} Nf6 5. Nbd2 {[%emt 0:00:00]} O-O {[%emt 0:00:00]} 6. O-O d6 {[%emt 0:00:00]} 7. c3 {[%emt 0:00:00]} a5 {[%emt 0:00:00]} 8. Bb3 {[%emt 0:00:00]} h6 {[%emt 0:00:00]} 9. h3 {[%emt 0:00:00]} Re8 {[%emt 0:01:00]} 10. Re1 Be6 {[%emt 0:09:00]} 11. Bc2 {[%emt 0:02:00]} Ba7 {[%emt 0:04:00]} 12. Nf1 {[%emt 0:01:00]} d5 {[%emt 0:09:00]} 13. exd5 {[%emt 0:04:00]} Qxd5 14. Ng3 {[%emt 0:05:00]} b5 {[%emt 0:15:00]} 15. Nh4 a4 {[%emt 0:00:00]} 16. Nh5 {[%emt 0:28:00]} Qd8 {[%emt 0:17:00]} 17. Qf3 Nxh5 {[%emt 0:01:00]} 18. Qxh5 {[%emt 0:14:00]} Qf6 19. Be3 {[%emt 0:00:00]} b4 {[%emt 0:06:00]} 20. Bxa7 {[%emt 0:10:00]} Rxa7 21. Qf3 {[%emt 0:03:00]} Qxf3 {[%emt 0:03:00]} 22. Nxf3 {[%emt 0:00:00]} a3 {[%emt 0:02:00]} 23. b3 {[%emt 0:04:00]} bxc3 {[%emt 0:12:00]} 24. Nxe5 {[%emt 0:09:00]} Nb4 {[%emt 0:01:00]} 25. Rec1 {[%emt 0:01:42]} Bxh3 {[%emt 0:05:54]} 26. d4 {[%emt 0:04:12]} Bc8 {[%emt 0:05:25]} 27. Bd1 {[%emt 0:06:41]} c5 {[%emt 0:01:16]} 28. Nf3 {[%emt 0:00:00]} cxd4 {[%emt 0:00:00]} 29. Nxd4 {[%emt 0:00:00]} Re1+ {[%emt 0:03:01]} 30. Kh2 {[%emt 0:04:21]} Rc7 {[%emt 0:01:20]} 31. Nb5 {[%emt 0:00:00]} Rc5 {[%emt 0:00:00]} 32. Rxc3 {[%emt 0:00:00]} Rxc3 {[%emt 0:00:00]} 33. Nxc3 Bf5 {[%emt 0:00:03]} 34. Nb5 {[%emt 0:01:16]} g6 {[%emt 0:00:57]} 35. Nxa3 {[%emt 0:00:00]} Nc2 {[%emt 0:00:37]} 36. Nxc2 {[%emt 0:00:00]} Bxc2 {[%emt 0:00:00]} 37. Bxc2 {[%emt 0:00:18]} Rxa1 {[%emt 0:00:00]} 38. a4 {[%emt 0:00:00]} Ra2 {[%emt 0:00:00]} 39. Be4 {[%emt 0:00:00]} Rxf2 {[%emt 0:00:00]} 40. Kg3 {[%emt 0:00:00]} Rb2 {[%emt 0:00:00]} 41. Bd5 {[%emt 0:14:33]} Kf8 {[%emt 0:00:00]} 42. Kf4 {[%emt 0:00:00]} Ke7 {[%emt 0:00:00]} 43. Ke5 {[%emt 0:00:00]} f6+ {[%emt 0:05:59]} 44. Kd4 {[%emt 0:00:00]} Kd6 {[%emt 0:00:00]} 45. Kc4 {[%emt 0:00:00]} Rc2+ {[%emt 0:00:00]} 46. Kd3 {[%emt 0:00:00]} Ra2 {[%emt 0:08:24]} 47. Kc4 {[%emt 0:00:00]} Rc2+ {[%emt 0:00:00]} 48. Kd3 {[%emt 0:00:00]} Rf2 {[%emt 0:00:00]} 49. Bf3 {[%emt 0:00:00]} h5 {[%emt 0:00:00]} 50. Kc4 {[%emt 0:00:00]} Rxf3 {[%emt 0:00:00]} 51. gxf3 {[%emt 0:00:00]} h4 {[%emt 0:00:00]} 52. Kd4 {[%emt 0:00:00]} 0-1

[Event "Cesenatico Open 2019"]
[Site "Cesenatico"]
[Date "2019.09.04"]
[Round "1"]
[White "Miotto, Alberto"]
[Black "Stromboli, Carlo"]
[Result "0-1"]
[WhiteElo "1950"]
[BlackElo "2270"]
[Annotator "ChessBase"]
[PlyCount "108"]
[EventDate "2019.09.01"]
[EventType "swiss"]
[EventCountry "ITA"]
[SourceTitle "playchess.com"]
[Source "ChessBase"]
[SourceQuality "1"]
[TimeControl "40/6000:900"]

1. Nf3 {[%emt 0:00:00]} c5 {[%emt 0:01:00]} 2. c4 {[%emt 0:00:00]} Nc6 {[%emt 0:00:00]} 3. Nc3 {[%emt 0:00:00]} g6 {[%emt 0:01:00]} 4. e3 {[%emt 0:00:00]} Bg7 5. d4 {[%emt 0:00:00]} cxd4 {[%emt 0:03:00]} 6. exd4 d6 {[%emt 0:00:00]} 7. d5 {[%emt 0:00:00]} Ne5 {[%emt 0:03:00]} 8. Nxe5 {[%emt 0:09:00]} Bxe5 {[%emt 0:01:00]} 9. Bd3 {[%emt 0:00:00]} Bd7 {[%emt 0:16:00]} 10. Be3 {[%emt 0:00:00]} Qa5 {[%emt 0:07:00]} 11. Qb3 {[%emt 0:04:00]} Nf6 12. h3 {[%emt 0:05:00]} O-O {[%emt 0:25:00]} 13. Bd2 {[%emt 0:21:00]} Qc5 14. Ne2 {[%emt 0:04:00]} Bd4 {[%emt 0:26:36]} 15. Nxd4 {[%emt 0:40:10]} Qxd4 {[%emt 0:00:00]} 16. Qc3 {[%emt 0:00:00]} Qh4 {[%emt 0:02:13]} 17. Be3 {[%emt 0:00:00]} b5 {[%emt 0:06:13]} 18. Qd4 {[%emt 0:00:00]} Qxd4 {[%emt 0:00:00]} 19. Bxd4 {[%emt 0:00:00]} bxc4 {[%emt 0:03:25]} 20. Bxc4 Rfc8 {[%emt 0:01:09]} 21. b3 {[%emt 0:00:00]} Ne4 {[%emt 0:00:00]} 22. Ke2 {[%emt 0:00:00]} Rc7 {[%emt 0:02:34]} 23. Ke3 {[%emt 0:15:54]} Nc5 {[%emt 0:00:00]} 24. Rhe1 {[%emt 0:00:00]} Rac8 {[%emt 0:00:00]} 25. Bxc5 {[%emt 0:00:00]} Rxc5 {[%emt 0:00:00]} 26. Kd4 {[%emt 0:00:00]} Kf8 {[%emt 0:00:00]} 27. a4 {[%emt 0:00:00]} a5 {[%emt 0:00:00]} 28. f4 {[%emt 0:00:13]} Re8 {[%emt 0:00:07]} 29. Rac1 {[%emt 0:00:00]} Rec8 {[%emt 0:00:00]} 30. Rc3 {[%emt 0:00:00]} Rb8 {[%emt 0:00:00]} 31. Rce3 {[%emt 0:00:00]} Rb4 {[%emt 0:00:02]} 32. Rc1 {[%emt 0:00:00]} e6 {[%emt 0:00:00]} 33. dxe6 Bxe6 {[%emt 0:00:00]} 34. Rec3 {[%emt 0:00:00]} Rc7 {[%emt 0:00:00]} 35. Kd3 {[%emt 0:00:00]} d5 {[%emt 0:00:01]} 36. Bb5 Rxc3+ {[%emt 0:00:00]} 37. Rxc3 {[%emt 0:00:00]} d4 {[%emt 0:00:00]} 38. Rc7 {[%emt 0:00:00]} Bxb3 {[%emt 0:00:00]} 39. Ra7 {[%emt 0:00:00]} Bxa4 40. Bc4 {[%emt 0:00:00]} Bc2+ {[%emt 0:00:07]} 41. Kxd4 Bb3 {[%emt 0:00:49]} 42. Rxf7+ {[%emt 0:00:00]} Ke8 {[%emt 0:00:00]} 43. Rc7 {[%emt 0:00:00]} Rxc4+ {[%emt 0:12:40]} 44. Rxc4 {[%emt 0:13:15]} Bxc4 {[%emt 0:00:00]} 45. Kxc4 {[%emt 0:00:00]} Ke7 {[%emt 0:00:00]} 46. Kb5 {[%emt 0:00:00]} Ke6 {[%emt 0:00:00]} 47. g4 {[%emt 0:00:00]} Kd5 48. Kxa5 {[%emt 0:00:00]} Ke4 {[%emt 0:00:00]} 49. f5 gxf5 {[%emt 0:00:00]} 50. gxf5 {[%emt 0:00:00]} Kxf5 {[%emt 0:00:00]} 51. Kb4 {[%emt 0:00:00]} Kg5 {[%emt 0:00:00]} 52. Kc3 {[%emt 0:00:00]} Kh4 {[%emt 0:00:00]} 53. Kd3 {[%emt 0:00:00]} Kxh3 {[%emt 0:00:00]} 54. Ke4 {[%emt 0:00:00]} Kg3 {[%emt 0:00:00]} 0-1